Estudios sobre la jurisprudencia civil

Tallennettuna:
Bibliografiset tiedot
Päätekijä: Díez-Picazo y Ponce de León, Luis María (Tekijä)
Aineistotyyppi: Kirja
Kieli:espanja
Julkaistu: Madrid Tecnos 1966
Sarja:Biblioteca Tecnos de Estudios Jurídicos
Aiheet:
Tagit: Lisää tagi
Ei tageja, Lisää ensimmäinen tagi!

MARC

LEADER 00000nam a2200000 a 4500
001 UCS1617
003 CL-VaPUC
008 970515e19660000SP |||||||||||||||||spa|d
082 0 4 |a 346.46  |b DIE  |2 21 
100 0 |a Díez-Picazo y Ponce de León, Luis María  |e author  |9 386224 
245 1 0 |a Estudios sobre la jurisprudencia civil 
300 |a v 
942 |c BK 
945 |d 19970515 00:00:00  |a cmena 
260 |a Madrid  |b Tecnos  |c 1966 
650 0 |a Derecho civil  |9 255013 
650 0 |a Derecho español  |9 255291 
650 0 |a Código civil  |9 256135 
650 0 |a Obligaciones   |9 255578 
650 0 |a Compraventa  |9 255413 
650 0 |a Arrendamiento  |9 257654 
650 0 |a Contratos  |9 255153 
650 0 |a Propiedad   |9 255268 
650 0 |a Posesión   |9 258681 
650 0 |a Bienes  |9 255749 
650 0 |a Derechos reales  |9 257708 
650 7 |a PROPIEDAD HORIZONTAL  |2 CL-VaPUC  |9 373879 
651 0 |a España  |9 254926 
583 |a last modification  |c 19970515 00:00:00  |k Rodrigo Vera 
490 0 |a Biblioteca Tecnos de Estudios Jurídicos 
999 |c 259654  |d 259652 
952 |0 0  |1 0  |4 0  |6 346_460000000000000_DIE_1966  |7 0  |8 A  |9 284858  |a BIBDER  |b BIBDER  |d 2019-11-19  |h v.2  |i 185271K  |o 346.46 DIE 1966  |p 185271K  |r 2023-01-25  |w 2019-11-19  |y BK  |k DER